000 00474nam a2200193Ia 4500
005 20240823042456.0
008 240823s9999||||xx |||||||||||||| ||und||
020 _a81-7808-085-0
041 _aENGLISH
082 _A005.74 P0
100 _aMcfadden Fred R et al.
245 0 _aModern Database Management
250 _a5th
260 _c2000
_b"Pearson ,Sing"
500 _aTRANSFERED
650 _aDatabase
_bInformation Technology
942 _cBK
999 _c207950
_d207950